[Event "RAPID Gran Prix 2016"]
[Site "Khanty-Mansiysk"]
[Date "2016.12.02"]
[Round "9.7"]
[White "Sukhareva, Evgeniya"]
[Black "Bocharov, Dmitry"]
[Result "0-1"]
[LiveChessVersion "1.4.4"]
[BlackElo "2573"]
[WhiteElo "2306"]

1. d4 {[%clk 0:15:18]} d6 {[%clk 0:15:12]} 2. c4 {[%clk 0:15:22]} e5
{[%clk 0:15:19]} 3. d5 {[%clk 0:15:23]} f5 {[%clk 0:14:50]} 4. g3
{[%clk 0:15:22]} Nf6 {[%clk 0:14:54]} 5. Bg2 {[%clk 0:15:30]} g6 {[%clk 0:15:00]}
6. b3 {[%clk 0:15:31]} Bg7 {[%clk 0:15:04]} 7. Bb2 {[%clk 0:15:39]} O-O
{[%clk 0:14:56]} 8. b4 {[%clk 0:12:07]} f4 {[%clk 0:10:32]} 9. Qb3
{[%clk 0:08:24]} a5 {[%clk 0:07:44]} 10. a3 {[%clk 0:07:49]} Ng4 {[%clk 0:06:35]}
11. Nh3 {[%clk 0:05:28]} g5 {[%clk 0:05:17]} 12. Nd2 {[%clk 0:04:39]} Nd7
{[%clk 0:05:15]} 13. Rc1 {[%clk 0:02:58]} axb4 {[%clk 0:05:13]} 14. axb4
{[%clk 0:03:06]} h6 {[%clk 0:05:20]} 15. c5 {[%clk 0:02:48]} Ndf6
{[%clk 0:05:27]} 16. O-O {[%clk 0:00:51]} Ne8 {[%clk 0:05:02]} 17. e3
{[%clk 0:00:40]} Ngf6 {[%clk 0:04:58]} 18. exf4 {[%clk 0:00:35]} exf4
{[%clk 0:04:43]} 19. Rfe1 {[%clk 0:00:29]} Nh5 {[%clk 0:03:58]} 20. Bxg7
{[%clk 0:00:25]} Nexg7 {[%clk 0:04:06]} 21. cxd6 {[%clk 0:00:22]} cxd6
{[%clk 0:04:11]} 22. Ne4 {[%clk 0:00:14]} Bf5 {[%clk 0:03:49]} 23. Bf1
{[%clk 0:00:15]} Qb6 {[%clk 0:03:18]} 24. Kh1 {[%clk 0:00:15]} Rae8
{[%clk 0:03:22]} 25. f3 {[%clk 0:00:20]} Bxe4 {[%clk 0:02:55]} 26. Rxe4
{[%clk 0:00:17]} fxg3 {[%clk 0:03:00]} 27. Rce1 {[%clk 0:00:15]} Rxe4
{[%clk 0:02:47]} 28. Rxe4 {[%clk 0:00:19]} gxh2 {[%clk 0:02:43]} 29. Kxh2
{[%clk 0:00:26]} Nf6 {[%clk 0:02:46]} 30. Re7 {[%clk 0:00:24]} Nf5
{[%clk 0:02:52]} 31. Re1 {[%clk 0:00:24]} Qd4 {[%clk 0:02:03]} 32. Qd3
{[%clk 0:00:25]} Nh4 {[%clk 0:01:22]} 33. Ng1 {[%clk 0:00:19]} Qf2+
{[%clk 0:01:24]} 0-1

[Event "RAPID Gran Prix 2016"]
[Site "Khanty-Mansiysk"]
[Date "2016.12.02"]
[Round "9.8"]
[White "Riazantsev, Alexander"]
[Black "Dreev, Aleksey"]
[Result "1/2-1/2"]
[LiveChessVersion "1.4.4"]
[BlackElo "2705"]
[WhiteElo "2693"]

1. d4 {[%clk 0:15:17]} d5 {[%clk 0:15:19]} 2. c4 {[%clk 0:15:25]} c6
{[%clk 0:15:28]} 3. Nc3 {[%clk 0:15:30]} Nf6 {[%clk 0:15:35]} 4. e3
{[%clk 0:15:39]} e6 {[%clk 0:15:41]} 5. Bd3 {[%clk 0:15:46]} Nbd7
{[%clk 0:15:18]} 6. cxd5 {[%clk 0:15:50]} cxd5 {[%clk 0:15:03]} 7. Bd2
{[%clk 0:15:59]} b6 {[%clk 0:13:57]} 8. Nge2 {[%clk 0:15:51]} Bb7
{[%clk 0:14:01]} 9. f3 {[%clk 0:15:39]} a6 {[%clk 0:12:02]} 10. O-O
{[%clk 0:15:45]} Bd6 {[%clk 0:10:53]} 11. Kh1 {[%clk 0:15:54]} O-O
{[%clk 0:10:18]} 12. e4 {[%clk 0:14:56]} e5 {[%clk 0:10:17]} 13. Bg5
{[%clk 0:14:51]} Be7 {[%clk 0:09:40]} 14. Bxf6 {[%clk 0:11:57]} Bxf6
{[%clk 0:09:43]} 15. Nxd5 {[%clk 0:12:06]} Bxd5 {[%clk 0:09:24]} 16. exd5
{[%clk 0:12:14]} exd4 {[%clk 0:08:12]} 17. Be4 {[%clk 0:12:19]} d3
{[%clk 0:06:08]} 18. Qxd3 {[%clk 0:11:27]} Nc5 {[%clk 0:06:14]} 19. Qc2
{[%clk 0:09:23]} g6 {[%clk 0:06:21]} 20. Rad1 {[%clk 0:08:42]} Qd6
{[%clk 0:05:45]} 21. Nd4 {[%clk 0:08:34]} Bxd4 {[%clk 0:04:17]} 22. Rxd4
{[%clk 0:08:43]} Rac8 {[%clk 0:04:06]} 23. Qd2 {[%clk 0:08:08]} a5
{[%clk 0:02:22]} 24. Bd3 {[%clk 0:08:17]} Rfd8 {[%clk 0:02:03]} 25. Bb5
{[%clk 0:08:06]} Rc7 {[%clk 0:01:34]} 26. Rd1 {[%clk 0:05:24]} Ne6
{[%clk 0:01:28]} 27. Rd3 {[%clk 0:03:14]} Nf4 {[%clk 0:01:17]} 28. Rd4
{[%clk 0:02:48]} Ne6 {[%clk 0:01:25]} 29. Rc4 {[%clk 0:02:57]} Nc5
{[%clk 0:01:34]} 30. Rh4 {[%clk 0:02:47]} Re7 {[%clk 0:01:18]} 31. Qh6
{[%clk 0:02:18]} f5 {[%clk 0:01:22]} 32. Qg5 {[%clk 0:02:27]} Qe5
{[%clk 0:00:28]} 33. h3 {[%clk 0:02:29]} Rd6 {[%clk 0:00:14]} 34. a3
{[%clk 0:02:15]} Nd7 {[%clk 0:00:15]} 35. Bxd7 {[%clk 0:01:38]} Rexd7
{[%clk 0:00:22]} 36. Re4 {[%clk 0:01:32]} Qf6 {[%clk 0:00:13]} 37. Re8+
{[%clk 0:00:53]} Kf7 {[%clk 0:00:19]} 38. Qxf6+ {[%clk 0:00:36]} Kxf6 39. Rde1
Rxd5 {[%clk 0:00:25]} 40. R8e6+ {[%clk 0:00:54]} Kg5 {[%clk 0:00:34]} 41. Rxb6
{[%clk 0:01:03]} Rd2 {[%clk 0:00:41]} 42. b3 {[%clk 0:00:22]} Ra2
{[%clk 0:00:46]} 43. a4 {[%clk 0:00:28]} Rdd2 {[%clk 0:00:53]} 44. Rg1
{[%clk 0:00:38]} Rab2 {[%clk 0:00:48]} 45. Rb5 {[%clk 0:00:46]} Kh4
{[%clk 0:00:45]} 46. Kh2 {[%clk 0:00:55]} f4 {[%clk 0:00:47]} 47. Rxa5
{[%clk 0:00:55]} Rxb3 {[%clk 0:00:53]} 48. Kh1 {[%clk 0:00:36]} 1/2-1/2

[Event "RAPID Gran Prix 2016"]
[Site "Khanty-Mansiysk"]
[Date "2016.12.02"]
[Round "10.1"]
[White "Anikonov, Dmitry"]
[Black "Dreev, Aleksey"]
[Result "0-1"]
[LiveChessVersion "1.4.4"]
[BlackElo "2705"]
[WhiteElo "2451"]

1. d4 {[%clk 0:15:10]} d5 {[%clk 0:15:10]} 2. Bf4 {[%clk 0:15:09]} Nf6
{[%clk 0:15:15]} 3. e3 {[%clk 0:15:18]} g6 {[%clk 0:15:19]} 4. Nf3
{[%clk 0:15:06]} Bg7 {[%clk 0:15:26]} 5. h3 {[%clk 0:15:15]} O-O {[%clk 0:15:20]}
6. Bd3 {[%clk 0:15:24]} c5 {[%clk 0:15:29]} 7. c3 {[%clk 0:15:30]} b6
{[%clk 0:15:35]} 8. O-O {[%clk 0:15:35]} Ba6 {[%clk 0:15:38]} 9. Bxa6
{[%clk 0:14:36]} Nxa6 {[%clk 0:15:46]} 10. Nbd2 {[%clk 0:14:36]} Nc7
{[%clk 0:15:45]} 11. Rc1 {[%clk 0:14:35]} Ne6 {[%clk 0:15:47]} 12. Be5
{[%clk 0:14:24]} Qd7 {[%clk 0:15:54]} 13. Qe2 {[%clk 0:14:30]} Qb7
{[%clk 0:15:08]} 14. Rfd1 {[%clk 0:14:13]} Rac8 {[%clk 0:15:09]} 15. Nh2
{[%clk 0:11:07]} Rfd8 {[%clk 0:14:44]} 16. Ng4 {[%clk 0:10:29]} Nxg4
{[%clk 0:14:38]} 17. hxg4 {[%clk 0:10:38]} Bxe5 {[%clk 0:12:26]} 18. dxe5
{[%clk 0:10:48]} d4 {[%clk 0:12:34]} 19. exd4 {[%clk 0:09:48]} cxd4
{[%clk 0:12:41]} 20. Nf3 {[%clk 0:09:36]} dxc3 {[%clk 0:11:49]} 21. Rxd8+
{[%clk 0:09:33]} Rxd8 {[%clk 0:11:56]} 22. Rxc3 {[%clk 0:09:12]} Qd5
{[%clk 0:11:26]} 23. a3 {[%clk 0:08:51]} Kg7 {[%clk 0:10:30]} 24. Qc4
{[%clk 0:06:46]} Qd1+ {[%clk 0:09:09]} 25. Qf1 {[%clk 0:06:55]} Qxf1+
{[%clk 0:07:52]} 26. Kxf1 {[%clk 0:07:02]} Rd1+ {[%clk 0:08:00]} 27. Ne1
{[%clk 0:06:39]} Rb1 {[%clk 0:06:01]} 28. b4 {[%clk 0:06:39]} Nd4
{[%clk 0:05:02]} 29. Rc4 {[%clk 0:04:49]} Rd1 {[%clk 0:04:29]} 30. f3
{[%clk 0:04:50]} f6 {[%clk 0:03:52]} 31. exf6+ {[%clk 0:04:54]} Kxf6
{[%clk 0:04:00]} 32. Kf2 {[%clk 0:03:04]} e5 {[%clk 0:04:08]} 33. Rc3
{[%clk 0:02:32]} Rd2+ {[%clk 0:03:22]} 34. Kf1 {[%clk 0:02:38]} Kg5
{[%clk 0:03:18]} 35. Nd3 {[%clk 0:00:59]} Nb5 {[%clk 0:00:54]} 36. Rb3
{[%clk 0:00:53]} Ra2 {[%clk 0:00:40]} 37. Nxe5 {[%clk 0:00:35]} Kf4
{[%clk 0:00:49]} 38. Nd3+ {[%clk 0:00:25]} Kg3 {[%clk 0:00:56]} 39. Rb2
{[%clk 0:00:17]} Rxb2 {[%clk 0:00:20]} 40. Nxb2 {[%clk 0:00:26]} Nxa3
{[%clk 0:00:29]} 41. Nd3 {[%clk 0:00:31]} Nc4 {[%clk 0:00:31]} 42. Nf2
{[%clk 0:00:21]} Ne3+ {[%clk 0:00:23]} 43. Ke2 {[%clk 0:00:30]} Nxg2
{[%clk 0:00:31]} 44. Ne4+ {[%clk 0:00:39]} Kf4 {[%clk 0:00:39]} 45. Nd6
{[%clk 0:00:17]} Ne3 {[%clk 0:00:46]} 46. Nc8 {[%clk 0:00:23]} a5
{[%clk 0:00:39]} 47. bxa5 {[%clk 0:00:17]} bxa5 {[%clk 0:00:48]} 48. Nb6
{[%clk 0:00:26]} h5 {[%clk 0:00:31]} 49. gxh5 {[%clk 0:00:35]} gxh5
{[%clk 0:00:40]} 50. Na4 {[%clk 0:00:15]} h4 {[%clk 0:00:46]} 51. Kf2
{[%clk 0:00:18]} h3 {[%clk 0:00:40]} 52. Kg1 {[%clk 0:00:27]} Kg3
{[%clk 0:00:43]} 53. Nc3 {[%clk 0:00:35]} a4 {[%clk 0:00:36]} 54. f4
{[%clk 0:00:16]} a3 {[%clk 0:00:41]} 55. Kh1 {[%clk 0:00:21]} Ng4
{[%clk 0:00:36]} 0-1

[Event "RAPID Gran Prix 2016"]
[Site "Khanty-Mansiysk"]
[Date "2016.12.02"]
[Round "10.2"]
[White "Bocharov, Dmitry"]
[Black "Riazantsev, Alexander"]
[Result "1/2-1/2"]
[LiveChessVersion "1.4.4"]
[BlackElo "2693"]
[WhiteElo "2573"]

1. d4 {[%clk 0:15:17]} Nf6 {[%clk 0:15:19]} 2. c4 {[%clk 0:15:25]} e6
{[%clk 0:15:28]} 3. Nf3 {[%clk 0:15:26]} b6 {[%clk 0:15:37]} 4. g3
{[%clk 0:15:29]} Bb4+ {[%clk 0:15:46]} 5. Bd2 {[%clk 0:15:32]} Be7
{[%clk 0:15:54]} 6. Bg2 {[%clk 0:15:30]} c6 {[%clk 0:16:03]} 7. O-O
{[%clk 0:14:42]} d5 {[%clk 0:16:10]} 8. Qc2 {[%clk 0:14:02]} O-O {[%clk 0:16:15]}
9. Rd1 {[%clk 0:13:27]} Nbd7 {[%clk 0:16:16]} 10. Bf4 {[%clk 0:12:24]} Bb7
{[%clk 0:16:07]} 11. Ne5 {[%clk 0:12:02]} Rc8 {[%clk 0:15:50]} 12. Nc3
{[%clk 0:11:25]} Nh5 {[%clk 0:12:49]} 13. Bd2 {[%clk 0:09:51]} Nhf6
{[%clk 0:12:36]} 14. e4 {[%clk 0:09:07]} dxc4 {[%clk 0:12:45]} 15. Nxc4
{[%clk 0:09:11]} b5 {[%clk 0:12:54]} 16. Ne3 {[%clk 0:09:12]} Qb6
{[%clk 0:12:54]} 17. e5 {[%clk 0:07:51]} Nd5 {[%clk 0:12:55]} 18. Nexd5
{[%clk 0:07:26]} cxd5 {[%clk 0:06:51]} 19. Qd3 {[%clk 0:07:34]} b4
{[%clk 0:07:00]} 20. Na4 {[%clk 0:07:06]} Qc6 {[%clk 0:07:10]} 21. b3
{[%clk 0:07:04]} Ba6 {[%clk 0:07:19]} 22. Qe3 {[%clk 0:06:31]} Bb5
{[%clk 0:07:29]} 23. Rdc1 {[%clk 0:06:29]} Qb7 {[%clk 0:06:43]} 24. Nc5
{[%clk 0:05:21]} Nxc5 {[%clk 0:06:37]} 25. dxc5 {[%clk 0:05:30]} Bd7
{[%clk 0:03:30]} 26. a3 {[%clk 0:05:24]} bxa3 {[%clk 0:02:35]} 27. Rxa3
{[%clk 0:05:20]} f6 {[%clk 0:02:38]} 28. exf6 {[%clk 0:03:47]} Bxf6
{[%clk 0:02:45]} 29. Re1 {[%clk 0:03:43]} e5 {[%clk 0:02:41]} 30. b4
{[%clk 0:03:41]} Bc6 {[%clk 0:02:47]} 31. Qe2 {[%clk 0:03:46]} e4
{[%clk 0:02:37]} 32. Bh3 {[%clk 0:02:54]} Rce8 {[%clk 0:02:11]} 33. Qa6
{[%clk 0:02:58]} Bd4 {[%clk 0:02:20]} 34. Ree3 {[%clk 0:01:22]} Bxe3
{[%clk 0:02:17]} 35. fxe3 {[%clk 0:01:22]} Qf7 {[%clk 0:02:01]} 36. Be1
{[%clk 0:00:56]} Qh5 {[%clk 0:01:17]} 37. Bg2 {[%clk 0:00:48]} Bd7
{[%clk 0:00:55]} 38. Ra2 {[%clk 0:00:24]} Bh3 {[%clk 0:01:01]} 39. Qe2
{[%clk 0:00:32]} Bg4 {[%clk 0:00:52]} 40. Qd2 {[%clk 0:00:34]} Rf7
{[%clk 0:00:44]} 41. h4 {[%clk 0:00:25]} Bf3 {[%clk 0:00:34]} 42. Bh3
{[%clk 0:00:33]} Bg4 {[%clk 0:00:44]} 43. Bg2 {[%clk 0:00:42]} Qf5
{[%clk 0:00:42]} 44. Kh2 {[%clk 0:00:46]} Bf3 {[%clk 0:00:45]} 45. Bh3
{[%clk 0:00:54]} Bg4 {[%clk 0:00:54]} 46. Bg2 {[%clk 0:01:03]} g5
{[%clk 0:00:36]} 47. Qd4 {[%clk 0:01:03]} h6 {[%clk 0:00:21]} 48. c6
{[%clk 0:01:02]} Bf3 {[%clk 0:00:28]} 49. Bh3 {[%clk 0:01:07]} Bg4
{[%clk 0:00:29]} 50. Rf2 {[%clk 0:00:47]} Qe6 {[%clk 0:00:23]} 51. Rxf7
{[%clk 0:00:52]} Kxf7 {[%clk 0:00:31]} 52. Bc3 {[%clk 0:01:01]} Rg8
{[%clk 0:00:31]} 53. Bxg4 Qxg4 54. Qf6+ Ke8 55. Qe5+ {[%clk 0:00:50]} Kf7
{[%clk 0:00:57]} 56. Qf6+ {[%clk 0:00:33]} Ke8 {[%clk 0:01:06]} 57. Qe5+
{[%clk 0:00:35]} 1/2-1/2

[Event "RAPID Gran Prix 2016"]
[Site "Khanty-Mansiysk"]
[Date "2016.12.02"]
[Round "10.3"]
[White "Maltsevskaya, Aleksandra"]
[Black "Sukhareva, Evgeniya"]
[Result "0-1"]
[LiveChessVersion "1.4.4"]
[BlackElo "2306"]
[WhiteElo "2182"]

1. e4 {[%clk 0:15:16]} c5 {[%clk 0:15:19]} 2. Nf3 {[%clk 0:15:24]} e6
{[%clk 0:15:28]} 3. b3 {[%clk 0:15:31]} b6 {[%clk 0:15:16]} 4. Bb2
{[%clk 0:15:16]} d6 {[%clk 0:14:57]} 5. Nc3 {[%clk 0:14:56]} Nf6 {[%clk 0:15:02]}
6. d3 {[%clk 0:15:00]} Bb7 {[%clk 0:13:46]} 7. g3 {[%clk 0:14:59]} Nc6
{[%clk 0:11:43]} 8. Bg2 {[%clk 0:15:06]} Nd4 {[%clk 0:10:44]} 9. O-O
{[%clk 0:13:36]} e5 {[%clk 0:10:45]} 10. Ne1 {[%clk 0:12:23]} h5 {[%clk 0:09:21]}
11. h4 {[%clk 0:11:33]} g6 {[%clk 0:08:12]} 12. Nd5 {[%clk 0:11:27]} Bg7
{[%clk 0:06:39]} 13. c3 {[%clk 0:10:05]} Nxd5 {[%clk 0:05:14]} 14. exd5
{[%clk 0:08:06]} Nf5 {[%clk 0:05:21]} 15. Nc2 {[%clk 0:07:45]} O-O
{[%clk 0:04:41]} 16. a4 {[%clk 0:04:13]} a5 {[%clk 0:04:14]} 17. Rb1
{[%clk 0:04:08]} Ne7 {[%clk 0:04:20]} 18. Ne3 {[%clk 0:03:53]} f5
{[%clk 0:03:43]} 19. d4 {[%clk 0:03:18]} cxd4 {[%clk 0:03:22]} 20. cxd4
{[%clk 0:03:26]} e4 {[%clk 0:02:25]} 21. f3 {[%clk 0:01:20]} Nxd5
{[%clk 0:02:20]} 22. Nc4 {[%clk 0:01:27]} Nb4 {[%clk 0:01:09]} 23. Qd2
{[%clk 0:00:30]} d5 {[%clk 0:00:38]} 24. Ne5 {[%clk 0:00:38]} Qd6
{[%clk 0:00:39]} 25. Qg5 {[%clk 0:00:24]} Kh7 {[%clk 0:00:43]} 26. Kh2
{[%clk 0:00:24]} Bh6 {[%clk 0:00:41]} 27. Qxg6+ {[%clk 0:00:17]} Qxg6
{[%clk 0:00:48]} 28. Nxg6 {[%clk 0:00:27]} Kxg6 {[%clk 0:00:56]} 29. fxe4
{[%clk 0:00:32]} dxe4 {[%clk 0:00:52]} 30. Bh3 {[%clk 0:00:14]} Nd3
{[%clk 0:00:52]} 31. Ba3 {[%clk 0:00:19]} Rf7 {[%clk 0:00:56]} 32. b4
{[%clk 0:00:13]} axb4 {[%clk 0:00:58]} 33. Bxb4 {[%clk 0:00:22]} Rxa4
{[%clk 0:00:50]} 34. Bc3 {[%clk 0:00:13]} Ra2+ {[%clk 0:00:55]} 35. Kg1
{[%clk 0:00:14]} Be3+ {[%clk 0:00:59]} 36. Kh1 {[%clk 0:00:23]} Nf2+
{[%clk 0:00:42]} 37. Kg2 {[%clk 0:00:31]} Ng4+ {[%clk 0:00:45]} 38. Rb2
{[%clk 0:00:37]} Rxb2+ {[%clk 0:00:43]} 39. Bxb2 {[%clk 0:00:45]} Rc7
{[%clk 0:00:43]} 40. Bxg4 {[%clk 0:00:46]} hxg4 {[%clk 0:00:38]} 41. Ba1
{[%clk 0:00:52]} Rc2+ {[%clk 0:00:41]} 42. Kh1 {[%clk 0:01:01]} Rc1
{[%clk 0:00:36]} 43. Kg2 {[%clk 0:01:01]} Rxf1 {[%clk 0:00:28]} 44. Kxf1
{[%clk 0:01:09]} Ba6+ {[%clk 0:00:37]} 45. Ke1 {[%clk 0:01:17]} Bc4
{[%clk 0:00:38]} 46. Bc3 {[%clk 0:01:20]} b5 {[%clk 0:00:42]} 47. Ba1
{[%clk 0:01:15]} f4 {[%clk 0:00:47]} 48. gxf4 {[%clk 0:01:23]} Bxf4
{[%clk 0:00:56]} 49. Kf2 {[%clk 0:01:30]} Kh5 {[%clk 0:01:03]} 0-1

[Event "RAPID Gran Prix 2016"]
[Site "Khanty-Mansiysk"]
[Date "2016.12.02"]
[Round "10.5"]
[White "Smirnov, Pavel"]
[Black "Demidov, Mikhail"]
[Result "1/2-1/2"]
[LiveChessVersion "1.4.4"]
[BlackElo "2514"]
[WhiteElo "2589"]

1. d4 {[%clk 0:15:18]} d5 {[%clk 0:15:20]} 2. c4 {[%clk 0:15:27]} dxc4
{[%clk 0:15:29]} 3. e3 {[%clk 0:15:18]} e5 {[%clk 0:15:37]} 4. Bxc4
{[%clk 0:15:27]} exd4 {[%clk 0:15:45]} 5. exd4 {[%clk 0:15:35]} Nf6
{[%clk 0:15:54]} 6. Nf3 {[%clk 0:15:45]} Bd6 {[%clk 0:16:03]} 7. Qe2+
{[%clk 0:15:53]} Be7 {[%clk 0:16:11]} 8. O-O {[%clk 0:15:50]} O-O
{[%clk 0:16:19]} 9. Nc3 {[%clk 0:15:45]} Nc6 {[%clk 0:15:50]} 10. Rd1
{[%clk 0:15:06]} Bf5 {[%clk 0:13:05]} 11. d5 {[%clk 0:14:50]} Na5
{[%clk 0:13:02]} 12. Bd3 {[%clk 0:14:58]} Bxd3 {[%clk 0:13:02]} 13. Qxd3
{[%clk 0:15:07]} b6 {[%clk 0:11:35]} 14. Rb1 {[%clk 0:15:08]} Nb7
{[%clk 0:11:35]} 15. Nd4 {[%clk 0:13:39]} Qd7 {[%clk 0:11:22]} 16. Qf3
{[%clk 0:12:04]} Nd6 {[%clk 0:10:29]} 17. Bg5 {[%clk 0:10:20]} h6
{[%clk 0:10:01]} 18. Bf4 {[%clk 0:10:22]} Rfe8 {[%clk 0:09:48]} 19. h3
{[%clk 0:09:49]} a6 {[%clk 0:09:31]} 20. Rbc1 {[%clk 0:09:07]} Nh7
{[%clk 0:08:06]} 21. Qg4 {[%clk 0:07:20]} Qxg4 {[%clk 0:07:28]} 22. hxg4
{[%clk 0:07:29]} Bg5 {[%clk 0:07:25]} 23. Bxg5 {[%clk 0:07:11]} hxg5 24. Na4
{[%clk 0:06:02]} Re7 {[%clk 0:07:25]} 25. Rc6 {[%clk 0:05:24]} Nf6
{[%clk 0:06:15]} 26. Nxb6 {[%clk 0:04:38]} Rb8 {[%clk 0:06:08]} 27. Na4
{[%clk 0:04:04]} Rb4 {[%clk 0:04:35]} 28. b3 {[%clk 0:02:18]} Nxg4
{[%clk 0:04:19]} 29. Rcc1 {[%clk 0:02:26]} Rb7 {[%clk 0:02:02]} 30. Nc5
{[%clk 0:01:45]} Rb6 {[%clk 0:02:11]} 31. a4 {[%clk 0:01:55]} a5 {[%clk 0:01:26]}
32. Rc2 {[%clk 0:02:04]} Re8 {[%clk 0:00:57]} 33. Nc6 {[%clk 0:02:11]} Ra8
{[%clk 0:01:06]} 34. Re1 {[%clk 0:00:44]} Nf6 {[%clk 0:00:53]} 35. Re5
{[%clk 0:00:53]} g6 {[%clk 0:00:23]} 36. Rxg5 {[%clk 0:00:34]} Nf5
{[%clk 0:00:20]} 37. Rc4 {[%clk 0:00:14]} Kg7 {[%clk 0:00:16]} 38. Nd4
{[%clk 0:00:17]} Nxd4 {[%clk 0:00:14]} 39. Rxd4 {[%clk 0:00:26]} Re8
{[%clk 0:00:23]} 40. Rd1 {[%clk 0:00:17]} Re2 {[%clk 0:00:25]} 41. Rc1
{[%clk 0:00:15]} Rb4 {[%clk 0:00:22]} 42. Rc4 {[%clk 0:00:14]} Rb8
{[%clk 0:00:23]} 1/2-1/2

[Event "RAPID Gran Prix 2016"]
[Site "Khanty-Mansiysk"]
[Date "2016.12.02"]
[Round "10.6"]
[White "Rublevsky, Sergei"]
[Black "Alekseev, Evgeny"]
[Result "1/2-1/2"]
[LiveChessVersion "1.4.4"]
[BlackElo "2652"]
[WhiteElo "2718"]

1. e4 {[%clk 0:15:18]} e6 {[%clk 0:15:18]} 2. d4 {[%clk 0:15:26]} d5
{[%clk 0:15:26]} 3. Nd2 {[%clk 0:15:31]} c5 {[%clk 0:15:30]} 4. Ngf3
{[%clk 0:15:33]} cxd4 {[%clk 0:15:29]} 5. exd5 {[%clk 0:15:27]} Qxd5
{[%clk 0:15:29]} 6. Bc4 {[%clk 0:15:34]} Qd8 {[%clk 0:15:28]} 7. O-O
{[%clk 0:15:31]} Nf6 {[%clk 0:15:27]} 8. Nb3 {[%clk 0:14:50]} Nc6
{[%clk 0:15:31]} 9. Qe2 {[%clk 0:14:55]} Bd6 {[%clk 0:12:47]} 10. Rd1
{[%clk 0:14:31]} O-O {[%clk 0:11:57]} 11. Nbxd4 {[%clk 0:14:37]} Nxd4
{[%clk 0:12:04]} 12. Rxd4 {[%clk 0:14:43]} Qc7 {[%clk 0:11:00]} 13. Bg5
{[%clk 0:14:38]} e5 {[%clk 0:10:55]} 14. Rh4 {[%clk 0:12:35]} Bf5
{[%clk 0:11:02]} 15. Bxf6 {[%clk 0:11:38]} gxf6 {[%clk 0:11:11]} 16. Bd3
{[%clk 0:11:06]} Bg6 {[%clk 0:11:20]} 17. Rc4 {[%clk 0:10:52]} Qd7
{[%clk 0:10:02]} 18. Rd1 {[%clk 0:10:24]} Rad8 {[%clk 0:09:19]} 19. Qe3
{[%clk 0:06:50]} b6 {[%clk 0:08:05]} 20. Nh4 {[%clk 0:05:13]} f5 {[%clk 0:07:31]}
21. Qh3 {[%clk 0:04:37]} e4 {[%clk 0:07:11]} 22. Be2 {[%clk 0:04:42]} Qe6
{[%clk 0:06:35]} 23. Rcd4 {[%clk 0:04:44]} Be7 {[%clk 0:06:17]} 24. Rxd8
{[%clk 0:04:51]} Rxd8 {[%clk 0:05:54]} 25. Rxd8+ {[%clk 0:04:54]} Bxd8
{[%clk 0:06:03]} 26. b3 {[%clk 0:03:52]} Be7 {[%clk 0:04:53]} 27. g3
{[%clk 0:03:26]} Qe5 {[%clk 0:04:34]} 28. Nxg6 {[%clk 0:03:16]} hxg6
{[%clk 0:04:35]} 29. Qf1 {[%clk 0:03:15]} Bc5 {[%clk 0:04:28]} 30. Kg2
{[%clk 0:02:36]} f4 {[%clk 0:04:27]} 31. f3 {[%clk 0:02:18]} Bd6 {[%clk 0:03:30]}
32. g4 {[%clk 0:02:24]} f5 {[%clk 0:02:45]} 33. gxf5 {[%clk 0:02:29]} gxf5
{[%clk 0:02:48]} 34. Qd1 {[%clk 0:02:34]} Kf7 {[%clk 0:02:27]} 1/2-1/2

[Event "RAPID Gran Prix 2016"]
[Site "Khanty-Mansiysk"]
[Date "2016.12.02"]
[Round "10.7"]
[White "Jakovenko, Dmitry"]
[Black "Volkov, Sergey"]
[Result "1-0"]
[LiveChessVersion "1.4.4"]
[BlackElo "2626"]
[WhiteElo "2699"]

1. Nf3 {[%clk 0:15:19]} d5 {[%clk 0:15:18]} 2. g3 {[%clk 0:15:28]} c5
{[%clk 0:15:23]} 3. Bg2 {[%clk 0:15:35]} g6 {[%clk 0:15:30]} 4. c4
{[%clk 0:15:15]} d4 {[%clk 0:15:38]} 5. b4 {[%clk 0:15:02]} cxb4 {[%clk 0:15:25]}
6. a3 {[%clk 0:15:11]} b3 {[%clk 0:15:25]} 7. d3 {[%clk 0:15:10]} Nc6
{[%clk 0:15:22]} 8. O-O {[%clk 0:15:05]} Nf6 {[%clk 0:15:16]} 9. Nbd2
{[%clk 0:14:50]} Bg7 {[%clk 0:15:14]} 10. Nxb3 {[%clk 0:14:56]} O-O
{[%clk 0:15:16]} 11. a4 {[%clk 0:14:47]} a5 {[%clk 0:15:01]} 12. Ba3
{[%clk 0:14:35]} Re8 {[%clk 0:14:48]} 13. Rb1 {[%clk 0:13:17]} e5
{[%clk 0:14:31]} 14. Ng5 {[%clk 0:11:53]} h6 {[%clk 0:14:10]} 15. Ne4
{[%clk 0:12:01]} Nxe4 {[%clk 0:14:18]} 16. Bxe4 {[%clk 0:12:09]} Qc7
{[%clk 0:14:15]} 17. Nd2 {[%clk 0:11:53]} Bf8 {[%clk 0:13:34]} 18. c5
{[%clk 0:09:54]} Nb4 {[%clk 0:13:22]} 19. Bxb4 {[%clk 0:09:50]} axb4
{[%clk 0:13:29]} 20. Rxb4 {[%clk 0:09:59]} Bxc5 {[%clk 0:13:12]} 21. Qc2
{[%clk 0:09:46]} Qe7 {[%clk 0:12:26]} 22. Rb5 {[%clk 0:08:57]} Bd6
{[%clk 0:12:13]} 23. Nc4 {[%clk 0:08:47]} Ra7 {[%clk 0:11:11]} 24. Rfb1
{[%clk 0:08:29]} Kg7 {[%clk 0:10:50]} 25. a5 {[%clk 0:07:51]} Qc7
{[%clk 0:09:43]} 26. Bxb7 {[%clk 0:06:45]} Bd7 {[%clk 0:09:10]} 27. R5b2
{[%clk 0:06:38]} Be6 {[%clk 0:07:52]} 28. Nxd6 {[%clk 0:06:25]} Qxd6
{[%clk 0:07:59]} 29. a6 {[%clk 0:06:34]} Rxa6 {[%clk 0:07:43]} 30. Bxa6
{[%clk 0:06:42]} Qxa6 {[%clk 0:07:51]} 31. Qc5 {[%clk 0:06:39]} Bh3
{[%clk 0:07:44]} 32. f3 {[%clk 0:06:19]} h5 {[%clk 0:07:47]} 33. Kf2
{[%clk 0:06:10]} Qf6 {[%clk 0:07:40]} 34. Rb8 {[%clk 0:06:14]} Bd7
{[%clk 0:05:54]} 35. Rxe8 {[%clk 0:05:46]} Bxe8 {[%clk 0:06:02]} 36. Rb8
{[%clk 0:05:32]} Qe6 {[%clk 0:05:50]} 37. Qc8 {[%clk 0:05:18]} Qxc8
{[%clk 0:05:55]} 38. Rxc8 {[%clk 0:05:25]} Bd7 {[%clk 0:06:03]} 39. Rd8
{[%clk 0:05:25]} Be6 {[%clk 0:06:04]} 40. Rd6 {[%clk 0:05:14]} Kf6
{[%clk 0:06:06]} 41. f4 {[%clk 0:05:20]} g5 {[%clk 0:05:46]} 42. fxe5+
{[%clk 0:04:57]} Kxe5 {[%clk 0:05:53]} 43. Ra6 {[%clk 0:05:02]} f5
{[%clk 0:05:45]} 44. Ra5+ {[%clk 0:04:57]} Bd5 {[%clk 0:05:52]} 45. Ra7
{[%clk 0:05:05]} f4 {[%clk 0:04:38]} 46. Rh7 {[%clk 0:05:01]} fxg3+
{[%clk 0:04:38]} 47. hxg3 {[%clk 0:05:07]} h4 {[%clk 0:04:45]} 48. gxh4
{[%clk 0:05:15]} gxh4 {[%clk 0:04:52]} 49. Rh5+ {[%clk 0:05:23]} Kd6
{[%clk 0:04:27]} 50. Rxh4 {[%clk 0:05:31]} Ke5 {[%clk 0:04:34]} 51. Rh5+
{[%clk 0:05:40]} Ke6 {[%clk 0:04:43]} 52. Rxd5 {[%clk 0:05:32]} Kxd5
{[%clk 0:04:49]} 53. Kf3 {[%clk 0:05:40]} Ke4+ 54. Kxe4 1-0

[Event "RAPID Gran Prix 2016"]
[Site "Khanty-Mansiysk"]
[Date "2016.12.02"]
[Round "10.8"]
[White "Maletin, Pavel"]
[Black "Lysyj, Igor"]
[Result "1/2-1/2"]
[LiveChessVersion "1.4.4"]
[BlackElo "2625"]
[WhiteElo "2625"]

1. d4 {[%clk 0:15:18]} Nf6 {[%clk 0:15:19]} 2. c4 {[%clk 0:15:27]} e6
{[%clk 0:15:28]} 3. g3 {[%clk 0:15:34]} d5 {[%clk 0:15:37]} 4. Bg2
{[%clk 0:15:41]} Be7 {[%clk 0:15:46]} 5. Nf3 {[%clk 0:15:49]} O-O
{[%clk 0:15:53]} 6. O-O {[%clk 0:15:56]} dxc4 {[%clk 0:16:02]} 7. Qc2
{[%clk 0:15:59]} a6 {[%clk 0:16:11]} 8. a4 {[%clk 0:16:01]} Bd7 {[%clk 0:16:12]}
9. Qxc4 {[%clk 0:16:02]} Bc6 {[%clk 0:16:21]} 10. Bg5 {[%clk 0:15:59]} Bd5
{[%clk 0:16:29]} 11. Qc2 {[%clk 0:16:05]} Be4 {[%clk 0:16:38]} 12. Qc1
{[%clk 0:16:11]} 1/2-1/2